Resolución
Kaydedildi:
| Materyal Türü: | Metin |
|---|---|
| Konular: | |
| Etiketler: |
Etiketle
Etiket eklenmemiş, İlk siz ekleyin!
|
MARC
| LEADER | 00000 a a2200000 04500 | ||
|---|---|---|---|
| 001 | 16151 | ||
| 003 | |||
| 040 | |||
| 245 | |a Resolución | ||
| 650 | |a INTEGRACION ECONOMICA | ||
| 650 | |a DESARROLLO REGIONAL | ||
| 650 | |a CONF | ||
| 773 | |g número 52; páginas 539-540 | ||
| 999 | |c 28058 |d 28058 | ||
